000 02742nam a22002417a 4500
003 UA-OsUOA
005 20211013164027.0
008 211013b un ||||| |||| 00| 0 ukr d
040 _aUA-OsUOA
_bukr
_cUA-OsUOA
_dUA-OsUOA
041 _aukr
080 _a94:[322:272/273](477.8)"1953/1964"
090 _a94:[322:272/273](477.8)"1953/1964"
095 _a07.00.01
_bісторія України
100 _aДідух Т. Г.
245 _aСтановище Римо-католицької Греко-католицької церков в УРСР у 1953-1964 рр. (на прикладі Львівської, Дрогобицької, Станіславської і Тернопільської областей)
_cДідух Тарас Григорович ; наук. керівник Бистрицька Елла Володимирівна
260 _aТернопіль
_c2021
300 _a20 с.
502 _6Автореферат дисертації на здобуття наукового ступеня кандидата історичних наук
_cТернопільський національний педагогічний університет імені Володимира Гнатюка
_d2021
520 _aУ дисертаційній роботі на основі комплексного аналізу наукової літератури, опублікованих документів та архівних матеріалів досліджено стан Римо-католицької (РКЦ) та Греко-католицької (ГКЦ) церков в УРСР у 1953- 1964 рр. (на прикладі Львівської, Дрогобицької, Станіславської і Тернопільської областей). Проаналізовано становище РКЦ та ГКЦ на території досліджуваних областей УРСР упродовж 1953-1964 рр. у хронологічній послідовності та взаємозв’язку з тогочасною політикою радянської влади щодо цих релігійних об’єднань. Висвітлено особливості державної політики радянської влади щодо РКЦ і ГКЦ в УРСР у 1953-1964 рр. та форми і методи її реалізації у Львівській, Дрогобицькій, Станіславській і Тернопільській областях. З’ясовано результати, спричинені цією політикою.
650 _2UDC
_a94 Історія загалом
942 _2udc
_cAR
955 _a1
999 _c571621
_d571621